<?xml version="1.0" encoding="UTF-8"?>
<record
    xmlns:xsi="http://www.w3.org/2001/XMLSchema-instance"
    xsi:schemaLocation="http://www.loc.gov/MARC21/slim http://www.loc.gov/standards/marcxml/schema/MARC21slim.xsd"
    xmlns="http://www.loc.gov/MARC21/slim">

  <leader>01829nas a2200265 i 4500</leader>
  <controlfield tag="003">DO-SdBNP</controlfield>
  <controlfield tag="005">20260529123520.0</controlfield>
  <controlfield tag="007">ta</controlfield>
  <controlfield tag="008">260527e2024    dr mo|p|r||||||0| | spa d</controlfield>
  <datafield tag="040" ind1=" " ind2=" ">
    <subfield code="a">DO-SdBNP</subfield>
    <subfield code="b">spa</subfield>
    <subfield code="c">BNPHU</subfield>
    <subfield code="e">rda</subfield>
  </datafield>
  <datafield tag="041" ind1=" " ind2=" ">
    <subfield code="a">spa</subfield>
  </datafield>
  <datafield tag="110" ind1=" " ind2=" ">
    <subfield code="a">Fundaci&#xF3;n Don Bosco</subfield>
    <subfield code="9">89783</subfield>
  </datafield>
  <datafield tag="245" ind1=" " ind2=" ">
    <subfield code="a">Juventud 2000 :</subfield>
    <subfield code="b">edici&#xF3;n especial 50 aniversario P. Vicente /</subfield>
    <subfield code="c">Fundaci&#xF3;n Don Bosco. </subfield>
  </datafield>
  <datafield tag="250" ind1=" " ind2=" ">
    <subfield code="a">Edici&#xF3;n especial 50 aniversario P. Vicente.</subfield>
  </datafield>
  <datafield tag="264" ind1=" " ind2=" ">
    <subfield code="a">Santo Domingo , Rep&#xFA;blica Dominicana :</subfield>
    <subfield code="b">Fundaci&#xF3;n Don Bosco.</subfield>
    <subfield code="b">Editora B&#xFA;ho,</subfield>
    <subfield code="c">2024.</subfield>
  </datafield>
  <datafield tag="300" ind1=" " ind2=" ">
    <subfield code="a">volumen :</subfield>
    <subfield code="b">ilustraci&#xF3;n, fotograf&#xED;as ;</subfield>
    <subfield code="c">28 cm.</subfield>
  </datafield>
  <datafield tag="336" ind1=" " ind2=" ">
    <subfield code="a">texto</subfield>
    <subfield code="b">txt</subfield>
    <subfield code="2">rdacontent</subfield>
  </datafield>
  <datafield tag="337" ind1=" " ind2=" ">
    <subfield code="a">sin mediaci&#xF3;n </subfield>
    <subfield code="b">n</subfield>
    <subfield code="2">rdamedia</subfield>
  </datafield>
  <datafield tag="338" ind1=" " ind2=" ">
    <subfield code="a">volumen</subfield>
    <subfield code="b">nc</subfield>
    <subfield code="2">rdacarrier</subfield>
  </datafield>
  <datafield tag="362" ind1=" " ind2=" ">
    <subfield code="a">Edici&#xF3;n especial agosto 2024</subfield>
  </datafield>
  <datafield tag="520" ind1=" " ind2=" ">
    <subfield code="a">Esta edici&#xF3;n especial de la revista Juventud 2000 est&#xE1; dise&#xF1;ada evocando su dise&#xF1;o original. Por eso la sencillez de su presentaci&#xF3;n y tambi&#xE9;n el azul que sera el color de tinta m&#xE1;s utilizando.
Se editaba y se dise&#xF1;aba en "stencils", en una m&#xE1;quina de escribir y se imprim&#xED; en un mime&#xF3;grafo, Berto Rosa estuvo responsabilizado de esta tarea por mucho tiempo. en una ronda en torno a una mesa donde se colocaba cada hoja, &#xED;bamos compaginando la revista al final le colocaba tres grapas. Era m&#xE1;gico.
Jose Frank rosario se ha encargado de editar y corregir los art&#xED;culos, Benjam&#xED;n Garc&#xED;a ha hecho el trabajo de diagramar y dise&#xF1;ar, como antes lo hicieron, aunque en etapas diferentes. El universo conspira.
Las fotograf&#xED;as de esta edici&#xF3;n las han suministrado Luis Manuel brito, Bert Rosa, Domingo G&#xF3;mez, Benjam&#xED;n 
Garc&#xED;a y Reynaldo Castillo.</subfield>
  </datafield>
  <datafield tag="650" ind1=" " ind2=" ">
    <subfield code="a">Homenaje</subfield>
    <subfield code="v">Publicaciones peri&#xF3;dicas</subfield>
    <subfield code="9">89775</subfield>
  </datafield>
  <datafield tag="650" ind1=" " ind2="0">
    <subfield code="a">Juventud</subfield>
    <subfield code="v">Publicaciones peri&#xF3;dicas</subfield>
    <subfield code="x">Rep&#xFA;blica Dominicana</subfield>
    <subfield code="9">87109</subfield>
  </datafield>
  <datafield tag="942" ind1=" " ind2=" ">
    <subfield code="2">ddc</subfield>
    <subfield code="c">ISSUE</subfield>
  </datafield>
  <datafield tag="952" ind1=" " ind2=" ">
    <subfield code="0">0</subfield>
    <subfield code="1">0</subfield>
    <subfield code="2">ddc</subfield>
    <subfield code="4">0</subfield>
    <subfield code="5">6</subfield>
    <subfield code="7">0</subfield>
    <subfield code="8">SE</subfield>
    <subfield code="a">BNPHU</subfield>
    <subfield code="b">BNPHU</subfield>
    <subfield code="d">2026-05-28</subfield>
    <subfield code="h">Agosto 2024</subfield>
    <subfield code="l">0</subfield>
    <subfield code="p">2026-4644</subfield>
    <subfield code="r">2026-05-28</subfield>
    <subfield code="t">e.1</subfield>
    <subfield code="w">2026-05-28</subfield>
    <subfield code="y">ISSUE</subfield>
  </datafield>
  <datafield tag="952" ind1=" " ind2=" ">
    <subfield code="0">0</subfield>
    <subfield code="1">0</subfield>
    <subfield code="2">ddc</subfield>
    <subfield code="4">0</subfield>
    <subfield code="5">6</subfield>
    <subfield code="7">0</subfield>
    <subfield code="8">SE</subfield>
    <subfield code="a">BNPHU</subfield>
    <subfield code="b">BNPHU</subfield>
    <subfield code="d">2026-05-28</subfield>
    <subfield code="h">Agosto 2024</subfield>
    <subfield code="l">0</subfield>
    <subfield code="p">2026-4645</subfield>
    <subfield code="r">2026-05-28</subfield>
    <subfield code="t">e.2</subfield>
    <subfield code="w">2026-05-28</subfield>
    <subfield code="y">ISSUE</subfield>
  </datafield>
  <datafield tag="952" ind1=" " ind2=" ">
    <subfield code="0">0</subfield>
    <subfield code="1">0</subfield>
    <subfield code="2">ddc</subfield>
    <subfield code="4">0</subfield>
    <subfield code="5">6</subfield>
    <subfield code="7">0</subfield>
    <subfield code="8">SE</subfield>
    <subfield code="a">BNPHU</subfield>
    <subfield code="b">BNPHU</subfield>
    <subfield code="d">2026-05-28</subfield>
    <subfield code="h">Agosto 2024</subfield>
    <subfield code="l">0</subfield>
    <subfield code="p">2026-4646</subfield>
    <subfield code="r">2026-05-28</subfield>
    <subfield code="t">e.3</subfield>
    <subfield code="w">2026-05-28</subfield>
    <subfield code="y">ISSUE</subfield>
  </datafield>
  <datafield tag="999" ind1=" " ind2=" ">
    <subfield code="c">60830</subfield>
    <subfield code="d">60830</subfield>
  </datafield>
</record>
